• 首页
  • 本馆介绍
  • 公告通知
  • 最新文献
  • 馆藏检索
  • 电子资源
  • 读者导购
  • 参考咨询
  • 我的图书馆
  • 登录
  • 详细信息显示
  • 放入我的书架
  • 预约/预借图书
  • 作者相关作品
  • 分类相关作品
  • 丛书相关作品
  • 出版社相关作品

书目信息

  • 表格格式
  • 工作单格式
  • 卡片格式
题名:
哲学漫话
    
 
作者: ;江苏人民广播电台理论组 编
分册:  
出版信息: 北京   广播出版社  1981
页数: 148页
开本: 19cm
丛书名:
单 册:
中图分类: B-49 , B017
科图分类:
主题词: 哲学--通俗读物 , 哲学基本问题
电子资源:
ISBN:
000 00677nam0 2200253 45
001 1235428031
005 20090929162121.10
010    @dCNY0.36
091    @aCN@b2236.001
100    @a19950619d1981 em y0chiy0121 ea
101 0  @achi
102    @aCN@b110000
105    @ay z 000yy
200 10 @a哲学漫话@Azhe xue man hua@f江苏人民广播电台理论组编
210    @a北京@c广播出版社@d1981
215    @a148页@d19cm
606 0  @a哲学@x通俗读物
606 0  @a哲学基本问题
690    @aB-49@v3
690    @aB017@v4
711 02 @a江苏人民广播电台理论组@Ajiang su ren min guang bo dian tai li lun zu@4编
801  0 @aCN@bTSSF
801  2 @aCN@bNLC
905    @a10447@dB017@eJY16
    
    哲学漫话/江苏人民广播电台理论组编.-北京:广播出版社,1981
    148页;19cm
    
    
    ISBN :CNY0.36
    
●
相关链接 在E读中查询图书 在五车中查询图书 在当当中查询图书 在豆瓣中查询图书


正题名:哲学漫话     索取号:B017/JY16         预约/预借

序号 登录号 条形码 馆藏地/架位号 状态 备注
1 7809502   278095026   学院路分馆/ [索取号:B017/JY16] 在馆    
2 7809503   278095035   学院路分馆/ [索取号:B017/JY16] 在馆    
3 7809506   278095062   学院路分馆/ [索取号:B017/JY16] 在馆    
4 7809507   278095071   学院路分馆/ [索取号:B017/JY16] 在馆    
唐山师范学院图书馆 欢迎您!
大连网信软件有限公司© 版权所有